[Event "TUR-chT 2nd League"]
[Site "Konya"]
[Date "2022.08.24"]
[Round "4.2"]
[White "Ince, Taylan Ruzgar"]
[Black "Ekinci, Berkay"]
[Result "1-0"]
[WhiteElo "2247"]
[BlackElo "1960"]
[PlyCount "138"]
[EventDate "2022.08.22"]
[EventType "team-swiss"]
[EventRounds "9"]
[EventCountry "TUR"]
[SourceTitle "CBM 210 Extra"]
[Source "ChessBase"]
[SourceDate "2022.11.30"]
[SourceVersion "1"]
[SourceVersionDate "2022.11.30"]
[SourceQuality "1"]
[WhiteTeam "Seyhan Belediye"]
[BlackTeam "Istanbul Sisli"]
[WhiteTeamCountry "TUR"]
[BlackTeamCountry "TUR"]

1. e4 c5 2. Nf3 Nc6 3. Bb5 g6 4. 0-0 Bg7 5. Re1 Nf6 6. e5 Nd5 7. Nc3 Nc7 8. Bxc6 dxc6 9. Ne4 Ne6 10. d3 0-0 11. Be3 b6 12. Qd2 Nd4 13. Nxd4 cxd4 14. Bh6 c5 15. Ng3 Qd5 16. Bxg7 Kxg7 17. Qg5 Qe6 18. f4 h6 19. Qh4 Re8 20. f5 gxf5 21. Nh5+ Kh7 22. Nf4 Qc6 23. Rf1 Rg8 24. Qxe7 Rg7 25. Qd6 Qxd6 26. exd6 Bb7 27. Rae1 Rd8 28. Re7 Bc6 29. Rxa7 Rxd6 30. g3 f6 31. Rxg7+ Kxg7 32. Re1 Kf7 33. Kf2 b5 34. a3 Bb7 35. Ke2 Rb6 36. Kd2 Rd6 37. Rc1 c4 38. Re1 Ba6 39. h4 Bb7 40. Rc1 Ba6 41. c3 dxc3+ 42. Rxc3 Rd8 43. Ke3 Rg8 44. Kf2 Rd8 45. b4 cxb3 46. Rxb3 Ke7 47. Ke3 Kd6 48. Rc3 Re8+ 49. Kd4 Rg8 50. Rc5 Bc8 51. Rxb5 Bd7 52. Rd5+ Ke7 53. Nh5 Ra8 54. Ng7 Rxa3 55. Nxf5+ Bxf5 56. Rxf5 Ra4+ 57. Ke3 Rg4 58. Kf2 Kf7 59. Rf4 Rg8 60. g4 Rd8 61. Ke3 Re8+ 62. Re4 Ra8 63. Rb4 Re8+ 64. Kf4 Re7 65. d4 Re1 66. d5 Re5 67. Rd4 Re8 68. d6 Rd8 69. d7 Ke6 1-0

[Event "TUR-chT 2nd League"]
[Site "Konya"]
[Date "2022.08.23"]
[Round "2.7"]
[White "Ekinci, Berkay"]
[Black "Sahin, Taha"]
[Result "1/2-1/2"]
[WhiteElo "1960"]
[BlackElo "1661"]
[PlyCount "109"]
[EventDate "2022.08.22"]
[EventType "team-swiss"]
[EventRounds "9"]
[EventCountry "TUR"]
[SourceTitle "CBM 210 Extra"]
[Source "ChessBase"]
[SourceDate "2022.11.30"]
[SourceVersion "1"]
[SourceVersionDate "2022.11.30"]
[SourceQuality "1"]
[WhiteTeam "Istanbul Sisli"]
[BlackTeam "Corum Belediye"]
[WhiteTeamCountry "TUR"]
[BlackTeamCountry "TUR"]

1. d4 Nf6 2. c4 g6 3. f3 Bg7 4. e4 d6 5. Nc3 0-0 6. Nge2 Nbd7 7. Ng3 c5 8. d5 a6 9. a4 Ne5 10. Be2 Qa5 11. Bd2 Qd8 12. 0-0 e6 13. f4 Ned7 14. dxe6 fxe6 15. Be3 Qc7 16. Qd2 Nb8 17. Rad1 Ne8 18. Bf3 Nc6 19. Nge2 b6 20. g4 Bb7 21. g5 Rd8 22. Bg4 Qe7 23. Ng3 Nd4 24. Nce2 Nxe2+ 25. Qxe2 Nc7 26. Rfe1 Kh8 27. f5 exf5 28. exf5 gxf5 29. Bxf5 Be5 30. Qg4 Bc8 31. Bxc8 Rxc8 32. Ne4 Ne6 33. h4 Nd4 34. Bxd4 cxd4 35. b3 Qg7 36. Ng3 Qg6 37. Rd2 Rce8 38. h5 Qe6 39. Qxe6 Rxe6 40. Kg2 Rf4 41. Re4 Rxe4 42. Nxe4 Bf4 43. Rxd4 Be3 44. Rd3 Rxe4 45. Kf3 Re5 46. Rxe3 Rxg5 47. Re6 Rxh5 48. Kg4 Rc5 49. Rxd6 b5 50. cxb5 axb5 51. a5 b4 52. Ra6 Rc3 53. Rb6 Rxb3 54. a6 Ra3 55. Rxb4 1/2-1/2

[Event "TUR-ch U13-U18"]
[Site "Antalya"]
[Date "2020.01.23"]
[Round "7"]
[White "Ekinci, Berkay"]
[Black "Selvi, Kaan"]
[Result "1-0"]
[WhiteElo "1873"]
[BlackElo "1907"]
[PlyCount "81"]
[EventDate "2020.01.19"]
[EventType "swiss"]
[EventRounds "11"]
[EventCountry "TUR"]
[SourceTitle "CBM 195 Extra"]
[Source "ChessBase"]
[SourceDate "2020.05.31"]
[SourceVersion "1"]
[SourceVersionDate "2020.05.31"]
[SourceQuality "1"]

1. d4 Nf6 2. c4 c5 3. d5 e6 4. Nc3 exd5 5. cxd5 d6 6. e4 g6 7. f3 Bg7 8. Nge2 0-0 9. Ng3 a6 10. a4 Nfd7 11. Be3 Ne5 12. Be2 h5 13. 0-0 b6 14. Qd2 Ra7 15. h3 h4 16. Nh1 f5 17. f4 Nf7 18. Bd3 Re8 19. Nf2 Rb7 20. Rae1 Bd7 21. Qc2 Qc8 22. Qe2 b5 23. axb5 axb5 24. Bxb5 Bxb5 25. Nxb5 fxe4 26. Nc3 Rb4 27. Qc2 Qf5 28. Kh1 Nd7 29. Ng4 Nb6 30. Rd1 Nc4 31. Rb1 Nh6 32. Qe2 Nf7 33. Na2 Qxd5 34. Nxb4 cxb4 35. Rfd1 Qe6 36. Bd4 d5 37. Bxg7 Kxg7 38. b3 Na5 39. Qd2 Rd8 40. Qd4+ Kf8 41. Qxb4+ 1-0

[Event "TUR-chT 2nd League"]
[Site "Konya"]
[Date "2019.07.25"]
[Round "5.5"]
[White "Erdogmus, Yagiz Kaan"]
[Black "Ekinci, Berkay"]
[Result "1-0"]
[WhiteElo "1744"]
[BlackElo "1778"]
[PlyCount "89"]
[EventDate "2019.07.22"]
[EventType "team-swiss"]
[EventRounds "9"]
[EventCountry "TUR"]
[SourceTitle "CBM 191 Extra"]
[Source "ChessBase"]
[SourceDate "2019.09.30"]
[SourceVersion "1"]
[SourceVersionDate "2019.09.30"]
[SourceQuality "1"]
[WhiteTeam "Bursa Nida"]
[BlackTeam "Istanbul Sisli"]
[WhiteTeamCountry "TUR"]
[BlackTeamCountry "TUR"]

1. e4 c5 2. Nf3 Nc6 3. d4 cxd4 4. Nxd4 g6 5. c4 Bg7 6. Be3 Nh6 7. Be2 0-0 8. Qd2 Nxd4 9. Bxd4 Bxd4 10. Qxd4 f5 11. Qd2 Nf7 12. Nc3 d6 13. 0-0 Ne5 14. Rad1 Be6 15. b3 Rc8 16. f4 Nc6 17. Bf3 Qa5 18. Rfe1 Rce8 19. Nb5 Qb6+ 20. Kh1 a6 21. Nd4 Qxd4 22. Qxd4 Nxd4 23. Rxd4 b5 24. exf5 Bxf5 25. Bc6 Rb8 26. Rxe7 bxc4 27. Bd5+ Kh8 28. Bxc4 Rfe8 29. Rxe8+ Rxe8 30. h3 Re1+ 31. Kh2 a5 32. Rxd6 Rc1 33. Rd2 Kg7 34. Bd5 Kf6 35. g4 Bb1 36. a4 h5 37. Kg3 hxg4 38. hxg4 Ba2 39. Bc4 g5 40. f5 Ke5 41. Re2+ Kf6 42. Re6+ Kg7 43. f6+ Kf8 44. Rb6 Rg1+ 45. Kf2 1-0

[Event "TUR Cup"]
[Site "Antalya"]
[Date "2019.02.03"]
[Round "11"]
[White "Ekinci, Berkay"]
[Black "Dogdu, Mehmet"]
[Result "1/2-1/2"]
[WhiteElo "1688"]
[BlackElo "1940"]
[PlyCount "82"]
[EventDate "2019.01.27"]
[EventType "swiss"]
[EventRounds "11"]
[EventCountry "TUR"]
[SourceTitle "CBM 188 Extra"]
[Source "ChessBase"]
[SourceDate "2019.02.26"]
[SourceVersion "1"]
[SourceVersionDate "2019.02.26"]
[SourceQuality "1"]

1. d4 Nf6 2. c4 e6 3. Nc3 Bb4 4. a3 Bxc3+ 5. bxc3 b6 6. e4 Nxe4 7. Qg4 Bb7 8. Qxg7 Qf6 9. Qxf6 Nxf6 10. f3 d6 11. Kf2 Nc6 12. Bd3 h6 13. Ne2 0-0-0 14. Ng3 Na5 15. Ne4 Nxe4+ 16. fxe4 Ba6 17. Ke2 Bxc4 18. Rf1 Rdg8 19. g3 Rg7 20. Bxc4 Nxc4 21. Kd3 Na5 22. Rf6 h5 23. Bf4 Nc6 24. Rf1 Ne7 25. Bh6 Rgg8 26. Rxf7 Nc6 27. Bg7 Rh7 28. Rf8+ Rxf8 29. Rxf8+ Kd7 30. Bf6 Ne7 31. h4 b5 32. Ra8 Nc8 33. Rb8 Rf7 34. e5 a6 35. Ra8 Rf8 36. Ke3 Kc6 37. Rb8 a5 38. Kf4 Rg8 39. Bg5 Rf8+ 40. Bf6 Rg8 41. Bg5 Rf8+ 1/2-1/2

[Event "Istanbul op-B"]
[Site "Istanbul"]
[Date "2018.09.04"]
[Round "5"]
[White "Ekinci, Berkay"]
[Black "Ocakacan, Deniz"]
[Result "0-1"]
[WhiteElo "1612"]
[BlackElo "1650"]
[PlyCount "110"]
[EventDate "2018.09.02"]
[EventType "swiss"]
[EventRounds "9"]
[EventCountry "TUR"]
[SourceTitle "CBM 186 Extra"]
[Source "ChessBase"]
[SourceDate "2018.08.24"]
[SourceVersion "1"]
[SourceVersionDate "2018.08.24"]
[SourceQuality "1"]

1. c4 Nf6 2. Nc3 g6 3. g3 Bg7 4. Bg2 0-0 5. d3 c6 6. e4 d6 7. Nge2 e5 8. 0-0 Be6 9. Bg5 Qd7 10. Qd2 Bh3 11. f4 Bxg2 12. Kxg2 exf4 13. Rxf4 Qe6 14. Raf1 Nbd7 15. h3 h6 16. Bxf6 Nxf6 17. b4 Nd7 18. R4f2 a5 19. b5 Nc5 20. Qe3 Rae8 21. bxc6 bxc6 22. Nf4 Qe7 23. Nce2 Rb8 24. Nd4 Qc7 25. Nf3 Rfe8 26. Re2 Na4 27. d4 Rb4 28. Rc1 Nb2 29. Nd3 Nxc4 30. Qf4 Ra4 31. h4 Qb8 32. Rec2 d5 33. e5 Ra3 34. Rc3 Rxa2+ 35. Kh1 a4 36. Nc5 Qc8 37. g4 a3 38. Nb3 Rb2 39. Na1 a2 40. Rf1 Qd7 41. Ne1 Rb1 42. Nec2 Reb8 43. Rcf3 Rxf1+ 44. Rxf1 h5 45. gxh5 Qh3+ 46. Kg1 Qe6 47. h6 Bh8 48. Qg3 Rb1 49. Nb3 Rxf1+ 50. Kxf1 Qf5+ 51. Qf2 Qh3+ 52. Kg1 Qxb3 53. h7+ Kf8 54. Qf4 Qxc2 55. Qh6+ Ke8 0-1

[Event "TUR-chT 2nd League"]
[Site "Konya"]
[Date "2018.07.17"]
[Round "3.11"]
[White "Ekinci, Berkay"]
[Black "Caputcuoglu, Zeki Berke"]
[Result "1-0"]
[WhiteElo "1714"]
[BlackElo "1737"]
[PlyCount "122"]
[EventDate "2018.07.16"]
[EventType "team-swiss"]
[EventRounds "9"]
[EventCountry "TUR"]
[SourceTitle "EXT 2019"]
[Source "ChessBase"]
[SourceDate "2018.10.10"]
[SourceVersion "1"]
[SourceVersionDate "2018.10.10"]
[SourceQuality "1"]
[WhiteTeam "Istanbul Sisli"]
[BlackTeam "Karaman Yunus Ortaokulu"]
[WhiteTeamCountry "TUR"]
[BlackTeamCountry "TUR"]

1. Nf3 Nf6 2. g3 g6 3. Bg2 Bg7 4. 0-0 d6 5. d3 0-0 6. c3 e5 7. e4 c5 8. Nbd2 Nc6 9. Re1 h6 10. Nf1 Be6 11. Ne3 Ne8 12. Nd5 Bxd5 13. exd5 Ne7 14. d4 exd4 15. cxd4 Nxd5 16. Nh4 Nec7 17. Qb3 c4 18. Qxc4 Nb6 19. Qb3 d5 20. Qd3 Re8 21. Rxe8+ Qxe8 22. Bd2 Qd7 23. Ba5 Ne6 24. Bxb6 axb6 25. Bh3 Qc6 26. Nf3 Qc4 27. Qxc4 dxc4 28. Bxe6 fxe6 29. a3 Rd8 30. Re1 Kf7 31. Re4 Rd5 32. Kf1 b5 33. Ke2 b4 34. axb4 Rb5 35. Kd2 Rxb4 36. Kc2 b5 37. Ne5+ Bxe5 38. Rxe5 Rb3 39. f4 h5 40. Rc5 Kf6 41. Rg5 Rd3 42. Rxb5 Rxd4 43. Kc3 Rd3+ 44. Kxc4 Rd2 45. h3 Rg2 46. Rb3 h4 47. gxh4 Rf2 48. Kc5 Rxf4 49. Rg3 Rxh4 50. b4 e5 51. b5 Rh8 52. b6 Rc8+ 53. Kd6 Rc1 54. Rb3 Rd1+ 55. Kc5 Rc1+ 56. Kb5 Rc8 57. b7 Rb8 58. Kc6 e4 59. Kc7 Rxb7+ 60. Kxb7 Ke5 61. Kc6 Kf4 1-0